| 000 | 00875cam a22002773a 4500 | ||
|---|---|---|---|
| 001 | 23765 | ||
| 003 | PGUSA | ||
| 005 | 20140828083516.0 | ||
| 008 | 071207s2007||||xxu|||||s|||||000 1 eng d | ||
| 040 |
_aPGUSA _beng |
||
| 042 | _adc | ||
| 050 | 4 | _aPZ | |
| 100 | 1 |
_aDickens, Charles, _d1812-1870 |
|
| 245 | 1 | 0 |
_aCaptain Boldheart and the Latin-Grammar Master : _bA Holiday Romance from the Pen of Lieut-Col. Robin Redforth, aged 9 _h[electronic resource] / _cCharles Dickens |
| 260 |
_bProject Gutenberg, _c2007 |
||
| 506 | _aPublic domain in the USA. | ||
| 516 | _aElectronic text | ||
| 653 | _aPirates -- Juvenile fiction | ||
| 653 | _aAdventure stories | ||
| 653 | _aChildren's stories | ||
| 653 | _aHumorous stories | ||
| 700 | 1 | _aPearse, Susan Beatrice | |
| 830 | 0 |
_aProject Gutenberg _v23765 |
|
| 856 | 4 | 0 | _uhttp://www.gutenberg.org/ebooks/23765 |
| 942 | _cEB | ||
| 999 |
_c253020 _d253020 |
||